| 000 | 01491cam a2200385 a 4500 | ||
|---|---|---|---|
| 001 | 12543726 | ||
| 003 | OSt | ||
| 005 | 20140310182116.0 | ||
| 008 | 010924s2002 mnuab c b 001 0 eng | ||
| 010 | _a 2001005856 | ||
| 020 | _a0736812067 | ||
| 040 |
_aDLC _cDLC _dDLC |
||
| 042 | _alcac | ||
| 043 |
_an-us--- _ae-gr--- |
||
| 050 | 0 | 0 |
_aE 184.G7 _b.W35 2003 |
| 082 | 0 | 0 |
_aHS 973.04 _b W16 2003 |
| 100 | 1 |
_aWallner, Rosemary, _d1964- _913698 |
|
| 245 | 1 | 0 |
_aGreek immigrants, 1890-1920 / _cRosemary Wallner |
| 260 |
_aMankato, Minn. : _bBlue Earth Books, _cc2003. |
||
| 300 |
_a32 p. : _bill. (some col.), col. map ; _c26 cm. |
||
| 490 | 1 | _aComing to America | |
| 650 | 0 |
_aGreek Americans _xHistory _vJuvenile literature. _913699 |
|
| 650 | 0 |
_aImmigrants _zUnited States _xHistory _vJuvenile literature. _913700 |
|
| 650 | 1 |
_aGreek Americans _xHistory. _913701 |
|
| 650 | 1 |
_aImmigrants _xHistory. _913702 |
|
| 651 | 0 |
_aUnited States _xEmigration and immigration _xHistory _vJuvenile literature. _913703 |
|
| 651 | 0 |
_aGreece _xEmigration and immigration _xHistory _vJuvenile literature. _913704 |
|
| 651 | 1 |
_aUnited States _xEmigration and immigration _xHistory. _913705 |
|
| 651 | 1 |
_aGreece _xEmigration and immigration _xHistory. _913706 |
|
| 830 | 0 |
_aComing to America (Mankato, Minn.) _913707 |
|
| 906 |
_a7 _bcbc _corignew _d1 _eecip _f20 _gy-gencatlg |
||
| 942 |
_2lcc _cHS |
||
| 999 |
_c9461 _d9461 |
||